| 000 | 004760000a22001930004500 | ||
|---|---|---|---|
| 001 | 003883 | ||
| 003 | MACL | ||
| 005 | 20151016142221.0 | ||
| 008 | 151016b xxu||||| |||| 00| 0 eng d | ||
| 040 |
_aMACL _cMACL |
||
| 041 | _aEnglish | ||
| 082 | _a920/AMA | ||
| 100 |
_aAmaladass, Anand _911808 |
||
| 245 |
_aRene Descartes _cAnand Amaladass |
||
| 260 |
_aChennai _c1997 _bSatya Nilayam Publicatons, |
||
| 350 | _a165 | ||
| 650 |
_aBiography _915325 |
||
| 942 |
_k920 _cBK _2ddc |
||
| 999 |
_c15776 _d15776 |
||